000 00669nam a2200241Ia 4500
003 OSt
005 20220918210250.0
006 a|||||r|||| 00| 0
007 ta
008 220917b |||||||| |||| 00| 0 eng d
024 _a119,876
037 _cTextual
040 _aARTS
_cARTS
_beng
041 _2eng
_aeng
082 _aV73:19(zL)z7, L8
100 _aBooth Ken
_998144
245 0 _aAmerican thinking about peace and war sussex
260 _asussex
_bharvester Press
_c1978
650 _aHISTORY
700 _a Wright Moorhead
_9117667
942 _hV73:19(zL)z7, L8
_cTEXL
_2CC
999 _c243135
_d243135